ARRUPE JESUIT UNIVERSITY

CORONAVIRUS -STOP THE SPREAD - CLEAN,DISINFECT,COVER

Vozes anoitecidas / (Record no. 126991)

MARC details
000 -LEADER
fixed length control field 00600cam a22002057a 4500
001 - CONTROL NUMBER
control field 16081635
003 - CONTROL NUMBER IDENTIFIER
control field ARRUPE
005 - DATE AND TIME OF LATEST TRANSACTION
control field 20170929092508.0
008 - FIXED-LENGTH DATA ELEMENTS--GENERAL INFORMATION
fixed length control field 100203s2008 mz 000 f por
010 ## - LIBRARY OF CONGRESS CONTROL NUMBER
LC control number 2010324059
020 ## - INTERNATIONAL STANDARD BOOK NUMBER
International Standard Book Number 9789024796083
040 ## - CATALOGING SOURCE
Original cataloging agency DLC
Transcribing agency DLC
050 00 - LIBRARY OF CONGRESS CALL NUMBER
Classification number MLCS 2010/00877 (P)
300 ## - PHYSICAL DESCRIPTION
Dimensions 21 cm.
100 1# - MAIN ENTRY--PERSONAL NAME
Personal name Couto, Mia,
Dates associated with a name 1955-
9 (RLIN) 12281
245 10 - TITLE STATEMENT
Title Vozes anoitecidas /
Statement of responsibility, etc Mia Couto.
260 ## - PUBLICATION, DISTRIBUTION, ETC. (IMPRINT)
Place of publication, distribution, etc Maputo :
Name of publisher, distributor, etc Ndjira,
Date of publication, distribution, etc 2008.
300 ## - PHYSICAL DESCRIPTION
Extent 112 p. ;
906 ## - LOCAL DATA ELEMENT F, LDF (RLIN)
a 7
b cbc
c origode
d 4
e ncip
f 20
g y-gencatlg
942 ## - ADDED ENTRY ELEMENTS (KOHA)
Source of classification or shelving scheme Library of Congress Classification
Koha item type Monograph ( Printed materials)
Holdings
Withdrawn status Lost status Source of classification or shelving scheme Damaged status Not for loan Collection code Home library Current library Shelving location Date acquired Total Checkouts Full call number Barcode Date last seen Date checked out Price effective from Koha item type
    Library of Congress Classification     Main Collection ARRUPE LIBRARY ARRUPE LIBRARY Main Collection 29/09/2017 1 PR9408.M87 C6 V6 46500027883 15/08/2018 01/08/2018 29/09/2017 Monograph ( Printed materials)

 

Arrupe Library. PO Box MP320 Mt Pleasant, Harare, Zimbabwe
263 242 745411|librarian@aju.ac.zw